[Event "ODJM C 2025"]
[Site "Willingen GER"]
[Date "2025.06.08"]
[Round "2"]
[White "Er, Cemile"]
[Black "Rabus, Luise"]
[Result "0-1"]
[Termination "normal"]
[Board "33"]
[WhiteElo "760"]
[BlackElo "1454"]
[WhiteClock "01:06:53"]
[BlackClock "00:56:00"]
[PlyCount "98"]
[WhiteFideId "533001871"]
[BlackFideId "34636900"]
[EventCountry "GER"]
[EventRounds "9"]
[EventType "swiss"]
[EventDate "2025.06.07"]

1. e4 {[%clk 01:30:57]} {[%emt 00:00:02]} c6 {[%clk 01:30:51]} {[%emt
00:00:14]} 2. Nc3 {[%clk 01:31:08]} {[%emt 00:00:14]} d5 {[%clk 01:31:13]}
{[%emt 00:00:07]} 3. d3 {[%clk 01:30:59]} {[%emt 00:00:40]} e5 {[%clk
01:30:55]} {[%emt 00:00:48]} 4. f4 {[%clk 01:31:03]} {[%emt 00:00:25]} Bb4
{[%clk 01:30:39]} {[%emt 00:00:47]} 5. Nf3 {[%clk 01:30:35]} {[%emt 00:00:58]}
Ba5 {[%clk 01:30:16]} {[%emt 00:00:53]} 6. Nxe5 {[%clk 01:29:53]} {[%emt
00:01:11]} d4 {[%clk 01:30:24]} {[%emt 00:00:22]} 7. Bd2 {[%clk 01:29:51]}
{[%emt 00:00:32]} dxc3 {[%clk 01:30:43]} {[%emt 00:00:11]} 8. Bxc3 {[%clk
01:29:15]} {[%emt 00:01:06]} Bxc3+ {[%clk 01:30:56]} {[%emt 00:00:17]} 9. bxc3
{[%clk 01:28:51]} {[%emt 00:00:54]} Qh4+ {[%clk 01:29:00]} {[%emt 00:02:26]}
10. g3 {[%clk 01:28:44]} {[%emt 00:00:38]} Qe7 {[%clk 01:27:52]} {[%emt
00:01:37]} 11. Be2 {[%clk 01:28:52]} {[%emt 00:00:23]} f6 {[%clk 01:27:22]}
{[%emt 00:01:00]} 12. Nc4 {[%clk 01:28:25]} {[%emt 00:00:57]} f5 {[%clk
01:26:48]} {[%emt 00:01:03]} 13. Ne5 {[%clk 01:27:53]} {[%emt 00:01:03]} fxe4
{[%clk 01:26:51]} {[%emt 00:00:27]} 14. dxe4 {[%clk 01:28:12]} {[%emt
00:00:10]} Nd7 {[%clk 01:26:45]} {[%emt 00:00:36]} 15. Nc4 {[%clk 01:26:26]}
{[%emt 00:02:17]} Qxe4 {[%clk 01:26:04]} {[%emt 00:01:10]} 16. Rf1 {[%clk
01:25:16]} {[%emt 00:01:40]} Ne7 {[%clk 01:23:43]} {[%emt 00:02:52]} 17. Nd2
{[%clk 01:25:25]} {[%emt 00:00:21]} Qe6 {[%clk 01:22:34]} {[%emt 00:01:38]} 18.
Rb1 {[%clk 01:25:38]} {[%emt 00:00:18]} Nf5 {[%clk 01:22:47]} {[%emt 00:00:17]}
19. Rf3 {[%clk 01:25:39]} {[%emt 00:00:29]} Nb6 {[%clk 01:22:16]} {[%emt
00:01:01]} 20. Rb4 {[%clk 01:25:35]} {[%emt 00:00:34]} Nd6 {[%clk 01:21:36]}
{[%emt 00:01:09]} 21. Kf2 {[%clk 01:22:16]} {[%emt 00:04:24]} O-O {[%clk
01:20:58]} {[%emt 00:01:33]} 22. Rd3 {[%clk 01:21:17]} {[%emt 00:01:29]} Ndc4
{[%clk 01:17:20]} {[%emt 00:04:07]} 23. Rf3 {[%clk 01:19:20]} {[%emt 00:02:27]}
Nxd2 {[%clk 01:15:15]} {[%emt 00:02:34]} 24. Qxd2 {[%clk 01:19:29]} {[%emt
00:00:22]} Qxa2 {[%clk 01:12:30]} {[%emt 00:03:15]} 25. Qd4 {[%clk 01:18:16]}
{[%emt 00:01:42]} Qxc2 {[%clk 01:12:03]} {[%emt 00:00:58]} 26. Re3 {[%clk
01:18:19]} {[%emt 00:00:26]} Nd5 {[%clk 01:10:20]} {[%emt 00:02:14]} 27. Re5
{[%clk 01:17:13]} {[%emt 00:01:38]} Nxb4 {[%clk 01:09:53]} {[%emt 00:00:56]}
28. cxb4 {[%clk 01:17:09]} {[%emt 00:00:34]} Bg4 {[%clk 01:07:51]} {[%emt
00:02:33]} 29. h3 {[%clk 01:15:59]} {[%emt 00:01:39]} Bxe2 {[%clk 01:06:23]}
{[%emt 00:01:58]} 30. g4 {[%clk 01:13:22]} {[%emt 00:03:07]} Rae8 {[%clk
01:04:17]} {[%emt 00:02:36]} 31. Kg3 {[%clk 01:11:15]} {[%emt 00:02:38]} Qd3+
{[%clk 01:02:21]} {[%emt 00:02:25]} 32. Qxd3 {[%clk 01:10:29]} {[%emt
00:01:16]} Bxd3 {[%clk 01:02:15]} {[%emt 00:00:36]} 33. Rh5 {[%clk 01:10:20]}
{[%emt 00:00:40]} h6 {[%clk 01:01:39]} {[%emt 00:01:06]} 34. f5 {[%clk
01:10:22]} {[%emt 00:00:28]} Re3+ {[%clk 01:00:33]} {[%emt 00:01:36]} 35. Kg2
{[%clk 01:10:36]} {[%emt 00:00:16]} Rfe8 {[%clk 01:00:49]} {[%emt 00:00:14]}
36. h4 {[%clk 01:10:36]} {[%emt 00:00:30]} Re2+ {[%clk 01:00:26]} {[%emt
00:00:52]} 37. Kg3 {[%clk 01:10:48]} {[%emt 00:00:18]} Bc4 {[%clk 00:59:57]}
{[%emt 00:01:00]} 38. g5 {[%clk 01:07:11]} {[%emt 00:04:07]} Bf7 {[%clk
00:57:18]} {[%emt 00:03:09]} 39. g6 {[%clk 01:07:00]} {[%emt 00:00:42]} Bc4
{[%clk 00:56:48]} {[%emt 00:01:00]} 40. f6 {[%clk 01:06:07]} {[%emt 00:01:24]}
R8e5 {[%clk 00:55:16]} {[%emt 00:02:01]} 41. f7+ {[%clk 01:06:16]} {[%emt
00:00:22]} Kf8 {[%clk 00:55:16]} {[%emt 00:00:29]} 42. b5 {[%clk 01:06:15]}
{[%emt 00:00:32]} Rxh5 {[%clk 00:55:26]} {[%emt 00:00:18]} 43. Kg4 {[%clk
01:06:26]} {[%emt 00:00:19]} Rxb5 {[%clk 00:55:02]} {[%emt 00:00:54]} 44. h5
{[%clk 01:06:38]} {[%emt 00:00:19]} Ra2 {[%clk 00:55:13]} {[%emt 00:00:18]} 45.
Kh4 {[%clk 01:06:32]} {[%emt 00:00:36]} Be6 {[%clk 00:55:15]} {[%emt 00:00:25]}
46. Kg3 {[%clk 01:06:06]} {[%emt 00:00:59]} Ra4 {[%clk 00:55:25]} {[%emt
00:00:21]} 47. Kf3 {[%clk 01:06:21]} {[%emt 00:00:15]} Rb3+ {[%clk 00:55:48]}
{[%emt 00:00:07]} 48. Ke2 {[%clk 01:06:32]} {[%emt 00:00:19]} Ra2+ {[%clk
00:56:07]} {[%emt 00:00:11]} 49. Kd1 {[%clk 01:06:53]} {[%emt 00:00:08]} Rb1#
{[%clk 00:56:00]} {[%emt 00:00:06]} 0-1

[Event "ODJM C 2025"]
[Site "Willingen GER"]
[Date "2025.06.08"]
[Round "2"]
[White "Melekestsev, Kyrylo"]
[Black "Stepanjan, Gurgen"]
[Result "0-1"]
[Termination "normal"]
[Board "34"]
[WhiteElo "1045"]
[BlackElo "751"]
[WhiteClock "01:08:26"]
[BlackClock "01:21:09"]
[PlyCount "52"]
[WhiteFideId "533015945"]
[BlackFideId "34655280"]
[EventCountry "GER"]
[EventRounds "9"]
[EventType "swiss"]
[EventDate "2025.06.07"]

1. e4 {[%clk 01:30:56]} {[%emt 00:00:03]} e5 {[%clk 01:30:47]} {[%emt
00:00:15]} 2. Nf3 {[%clk 01:31:20]} {[%emt 00:00:04]} Nc6 {[%clk 01:31:09]}
{[%emt 00:00:08]} 3. Bc4 {[%clk 01:31:43]} {[%emt 00:00:07]} Bc5 {[%clk
01:31:10]} {[%emt 00:00:30]} 4. c3 {[%clk 01:32:05]} {[%emt 00:00:07]} Nf6
{[%clk 01:31:18]} {[%emt 00:00:22]} 5. d4 {[%clk 01:32:26]} {[%emt 00:00:09]}
exd4 {[%clk 01:31:17]} {[%emt 00:00:33]} 6. cxd4 {[%clk 01:32:44]} {[%emt
00:00:09]} Bb6 {[%clk 01:31:19]} {[%emt 00:00:28]} 7. Bg5 {[%clk 01:31:33]}
{[%emt 00:01:42]} h6 {[%clk 01:28:44]} {[%emt 00:03:05]} 8. Bh4 {[%emt
00:01:34]} g5 {[%emt 00:01:26]} 9. Bg3 {[%clk 01:28:37]} {[%emt 00:02:11]} Nxe4
{[%clk 01:27:43]} {[%emt 00:00:46]} 10. Qe2 {[%clk 01:28:11]} {[%emt 00:00:56]}
d5 {[%clk 01:27:46]} {[%emt 00:00:28]} 11. Bd3 {[%clk 01:27:21]} {[%emt
00:01:19]} Bf5 {[%clk 01:27:10]} {[%emt 00:01:06]} 12. Nbd2 {[%clk 01:25:08]}
{[%emt 00:02:38]} Nxd4 {[%clk 01:26:59]} {[%emt 00:00:46]} 13. Nxd4 {[%clk
01:24:52]} {[%emt 00:00:44]} Bxd4 {[%clk 01:26:27]} {[%emt 00:01:04]} 14. Nxe4
{[%clk 01:24:34]} {[%emt 00:00:48]} dxe4 {[%emt 00:00:35]} 15. Bxe4 {[%clk
01:24:49]} {[%emt 00:00:09]} Be6 {[%clk 01:25:53]} {[%emt 00:01:05]} 16. Rd1
{[%clk 01:22:59]} {[%emt 00:02:19]} c5 {[%clk 01:25:55]} {[%emt 00:00:29]} 17.
b3 {[%clk 01:21:18]} {[%emt 00:02:09]} Qe7 {[%clk 01:25:42]} {[%emt 00:00:44]}
18. Qb5+ {[%clk 01:19:29]} {[%emt 00:02:19]} Kf8 {[%clk 01:25:11]} {[%emt
00:01:02]} 19. Qxb7 {[%clk 01:18:51]} {[%emt 00:01:05]} Qxb7 {[%clk 01:25:17]}
{[%emt 00:00:28]} 20. Bxb7 {[%clk 01:19:10]} {[%emt 00:00:10]} Re8 {[%clk
01:25:10]} {[%emt 00:00:33]} 21. Kf1 {[%clk 01:16:56]} {[%emt 00:02:42]} Bg4
{[%clk 01:24:03]} {[%emt 00:01:44]} 22. Re1 {[%clk 01:14:02]} {[%emt 00:03:23]}
Kg7 {[%clk 01:23:54]} {[%emt 00:00:39]} 23. Bc6 {[%clk 01:09:51]} {[%emt
00:04:39]} Rxe1+ {[%clk 01:22:18]} {[%emt 00:02:08]} 24. Kxe1 {[%clk 01:10:08]}
{[%emt 00:00:13]} Bc3+ {[%clk 01:21:20]} {[%emt 00:01:29]} 25. Kf1 {[%clk
01:09:46]} {[%emt 00:00:44]} Rd8 {[%clk 01:20:56]} {[%emt 00:01:00]} 26. Bf3
{[%clk 01:08:26]} {[%emt 00:01:48]} Re8 {[%clk 01:21:09]} {[%emt 00:00:19]} 0-1

[Event "ODJM C 2025"]
[Site "Willingen GER"]
[Date "2025.06.08"]
[Round "2"]
[White "Tadic, Mina"]
[Black "Servin, Erik Phileas Große"]
[Result "0-1"]
[Termination "normal"]
[Board "35"]
[WhiteElo "718"]
[BlackElo "1041"]
[WhiteClock "01:21:52"]
[BlackClock "00:59:16"]
[PlyCount "72"]
[WhiteFideId "533031711"]
[BlackFideId "533043744"]
[EventCountry "GER"]
[EventRounds "9"]
[EventType "swiss"]
[EventDate "2025.06.07"]

1. e4 {[%clk 01:30:58]} {[%emt 00:00:02]} e5 {[%clk 01:30:53]} {[%emt
00:00:07]} 2. Nf3 {[%clk 01:31:20]} {[%emt 00:00:08]} Nf6 {[%clk 01:31:16]}
{[%emt 00:00:06]} 3. Nc3 {[%clk 01:31:35]} {[%emt 00:00:15]} Nc6 {[%clk
01:31:38]} {[%emt 00:00:09]} 4. d4 {[%clk 01:31:40]} {[%emt 00:00:26]} exd4
{[%clk 01:30:50]} {[%emt 00:01:16]} 5. Nxd4 {[%clk 01:32:02]} {[%emt 00:00:08]}
Nxd4 {[%clk 01:26:24]} {[%emt 00:04:57]} 6. Qxd4 {[%clk 01:31:21]} {[%emt
00:01:11]} c5 {[%clk 01:24:51]} {[%emt 00:02:04]} 7. Qe5+ {[%clk 01:30:53]}
{[%emt 00:00:51]} Be7 {[%clk 01:24:57]} {[%emt 00:00:30]} 8. Bg5 {[%clk
01:30:57]} {[%emt 00:00:26]} O-O {[%clk 01:21:09]} {[%emt 00:04:18]} 9. Bxf6
{[%clk 01:31:02]} {[%emt 00:00:24]} Bxf6 {[%clk 01:21:31]} {[%emt 00:00:09]}
10. Qxc5 {[%clk 01:31:07]} {[%emt 00:00:19]} d6 {[%emt 00:04:12]} 11. Qd5
{[%clk 01:29:09]} {[%emt 00:00:56]} Re8 {[%clk 01:18:27]} {[%emt 00:01:25]} 12.
Bb5 {[%clk 01:29:18]} {[%emt 00:00:24]} Bxc3+ {[%clk 01:15:53]} {[%emt
00:03:06]} 13. bxc3 {[%clk 01:27:25]} {[%emt 00:02:23]} Re7 {[%clk 01:14:30]}
{[%emt 00:01:53]} 14. O-O {[%emt 00:01:14]} a6 {[%clk 01:14:14]} {[%emt
00:00:29]} 15. Ba4 {[%clk 01:25:50]} {[%emt 00:01:38]} b5 {[%clk 01:14:34]}
{[%emt 00:00:10]} 16. Qxa8 {[%clk 01:25:58]} {[%emt 00:00:20]} bxa4 {[%clk
01:14:50]} {[%emt 00:00:16]} 17. Rab1 {[%clk 01:25:44]} {[%emt 00:00:44]} Qc7
{[%clk 01:06:25]} {[%emt 00:08:54]} 18. Rb8 {[%clk 01:25:43]} {[%emt 00:00:32]}
Re8 {[%clk 01:06:01]} {[%emt 00:00:54]} 19. Rd1 {[%clk 01:25:01]} {[%emt
00:01:10]} Qxc3 {[%clk 01:05:21]} {[%emt 00:01:08]} 20. h3 {[%clk 01:24:17]}
{[%emt 00:01:18]} Qxc2 {[%clk 00:58:45]} {[%emt 00:07:06]} 21. Qxa6 {[%clk
01:24:33]} {[%emt 00:00:12]} Qxd1+ {[%clk 00:57:35]} {[%emt 00:01:41]} 22. Kh2
{[%clk 01:23:38]} {[%emt 00:00:57]} Qc2 {[%clk 00:57:49]} {[%emt 00:00:41]} 23.
Qb5 {[%clk 01:23:25]} {[%emt 00:00:43]} Qxe4 {[%clk 00:56:58]} {[%emt
00:01:23]} 24. Qc6 {[%clk 01:23:26]} {[%emt 00:00:28]} Qxc6 {[%clk 00:57:19]}
{[%emt 00:00:10]} 25. Rb1 {[%clk 01:23:01]} {[%emt 00:00:53]} d5 {[%clk
00:57:26]} {[%emt 00:00:25]} 26. Rd1 {[%clk 01:22:56]} {[%emt 00:00:35]} Qd6+
{[%clk 00:57:34]} {[%emt 00:00:23]} 27. Kg1 {[%clk 01:23:07]} {[%emt 00:00:17]}
Qc7 {[%clk 00:57:50]} {[%emt 00:00:15]} 28. a3 {[%clk 01:23:22]} {[%emt
00:00:16]} d4 {[%clk 00:58:06]} {[%emt 00:00:14]} 29. Kf1 {[%clk 01:23:45]}
{[%emt 00:00:06]} Qh2 {[%clk 00:58:19]} {[%emt 00:00:18]} 30. f3 {[%emt
00:00:33]} Qh1+ {[%emt 00:00:18]} 31. Kf2 {[%clk 01:22:53]} {[%emt 00:00:20]}
Qxd1 {[%clk 00:58:44]} {[%emt 00:00:16]} 32. g4 {[%clk 01:23:03]} {[%emt
00:00:16]} Qe2+ {[%clk 00:59:10]} {[%emt 00:00:08]} 33. Kg3 {[%clk 01:22:47]}
{[%emt 00:00:20]} Re3 {[%clk 00:59:28]} {[%emt 00:00:37]} 34. Kh4 {[%emt
00:00:13]} Qxf3 {[%emt 00:00:30]} 35. Kh5 {[%clk 01:22:19]} {[%emt 00:00:08]}
Re5+ {[%clk 00:59:16]} {[%emt 00:00:50]} 36. Kh4 {[%clk 01:21:52]} {[%emt
00:00:17]} Qf2# {[%clk 00:59:16]} 0-1

[Event "ODJM C 2025"]
[Site "Willingen GER"]
[Date "2025.06.08"]
[Round "2"]
[White "Martens, Nele"]
[Black "Neumann, Charlotte"]
[Result "1-0"]
[Termination "normal"]
[Board "36"]
[WhiteElo "1036"]
[BlackElo "714"]
[WhiteClock "01:22:01"]
[BlackClock "01:29:40"]
[PlyCount "47"]
[WhiteFideId "533001952"]
[BlackFideId "533043728"]
[EventCountry "GER"]
[EventRounds "9"]
[EventType "swiss"]
[EventDate "2025.06.07"]

1. e4 {[%clk 01:30:58]} e5 {[%clk 01:30:52]} {[%emt 00:00:08]} 2. Nf3 {[%clk
01:31:12]} {[%emt 00:00:16]} Nc6 {[%clk 01:31:13]} {[%emt 00:00:09]} 3. Bc4
{[%clk 01:31:20]} {[%emt 00:00:21]} Nf6 {[%clk 01:31:08]} {[%emt 00:00:37]} 4.
Nc3 {[%clk 01:31:30]} {[%emt 00:00:20]} Bb4 {[%clk 01:31:22]} {[%emt 00:00:16]}
5. O-O {[%clk 01:31:16]} {[%emt 00:00:45]} O-O {[%clk 01:31:32]} {[%emt
00:00:20]} 6. a3 {[%clk 01:31:32]} {[%emt 00:00:14]} Bxc3 {[%clk 01:31:47]}
{[%emt 00:00:14]} 7. bxc3 {[%clk 01:31:55]} {[%emt 00:00:08]} Na5 {[%clk
01:31:42]} {[%emt 00:00:35]} 8. Bb3 {[%clk 01:31:04]} {[%emt 00:01:19]} Nxe4
{[%clk 01:31:59]} {[%emt 00:00:14]} 9. Re1 {[%clk 01:31:10]} {[%emt 00:00:23]}
d5 {[%clk 01:31:54]} {[%emt 00:00:36]} 10. Nxe5 {[%clk 01:30:34]} {[%emt
00:01:05]} Be6 {[%clk 01:31:33]} {[%emt 00:00:52]} 11. f3 {[%clk 01:29:04]}
{[%emt 00:01:59]} Qd6 {[%clk 01:31:49]} {[%emt 00:00:15]} 12. fxe4 {[%clk
01:29:14]} {[%emt 00:00:20]} Qxe5 {[%clk 01:32:08]} {[%emt 00:00:10]} 13. exd5
{[%clk 01:29:24]} {[%emt 00:00:22]} Qf6 {[%emt 00:00:19]} 14. dxe6 {[%emt
00:00:16]} fxe6 {[%emt 00:00:11]} 15. Bxe6+ {[%emt 00:01:06]} Kh8 {[%emt
00:00:13]} 16. d4 {[%emt 00:00:54]} Nc6 {[%clk 01:29:27]} {[%emt 00:00:12]} 17.
d5 {[%clk 01:27:02]} {[%emt 00:02:51]} Nd8 {[%clk 01:29:45]} {[%emt 00:00:11]}
18. Rf1 {[%clk 01:26:55]} {[%emt 00:00:37]} Qe7 {[%clk 01:29:55]} {[%emt
00:00:20]} 19. Rxf8+ {[%clk 01:26:20]} {[%emt 00:01:06]} Qxf8 {[%clk 01:30:08]}
{[%emt 00:00:11]} 20. Bb2 {[%clk 01:22:24]} {[%emt 00:04:32]} a5 {[%clk
01:30:08]} 21. c4 {[%clk 01:21:41]} {[%emt 00:01:44]} b6 {[%clk 01:29:52]} 22.
Qd4 {[%clk 01:21:55]} {[%emt 00:01:00]} Ra6 {[%clk 01:29:53]} {[%emt 00:00:31]}
23. Rf1 {[%clk 01:22:01]} {[%emt 00:00:22]} Qe8 {[%clk 01:29:40]} {[%emt
00:00:43]} 24. Qxg7# {[%emt 00:00:13]} 1-0

[Event "ODJM C 2025"]
[Site "Willingen GER"]
[Date "2025.06.09"]
[Round "3"]
[White "Christoffers, Julia Anne"]
[Black "Yan, Jenny"]
[Result "1-0"]
[Termination "normal"]
[Board "1"]
[WhiteElo "1587"]
[BlackElo "1509"]
[WhiteClock "00:14:48"]
[BlackClock "00:13:03"]
[PlyCount "63"]
[WhiteFideId "16249895"]
[BlackFideId "34630376"]
[EventCountry "GER"]
[EventRounds "9"]
[EventType "swiss"]
[EventDate "2025.06.07"]

1. d4 {[%clk 01:30:58]} {[%emt 00:00:01]} Nf6 {[%clk 01:30:55]} {[%emt
00:00:10]} 2. Bf4 {[%clk 01:31:20]} {[%emt 00:00:03]} g6 {[%clk 01:31:16]}
{[%emt 00:00:08]} 3. Nf3 {[%clk 01:31:39]} {[%emt 00:00:10]} Bg7 {[%clk
01:31:36]} {[%emt 00:00:13]} 4. h3 {[%clk 01:31:57]} {[%emt 00:00:09]} d6
{[%clk 01:31:38]} {[%emt 00:00:30]} 5. e3 {[%clk 01:31:49]} {[%emt 00:00:37]}
Nbd7 {[%clk 01:29:49]} {[%emt 00:02:19]} 6. Be2 {[%clk 01:30:42]} {[%emt
00:01:36]} O-O {[%clk 01:28:06]} {[%emt 00:02:12]} 7. c3 {[%clk 01:28:22]}
{[%emt 00:02:52]} Re8 {[%clk 01:26:11]} {[%emt 00:02:25]} 8. Nbd2 {[%clk
01:25:50]} {[%emt 00:03:01]} e5 {[%clk 01:22:03]} {[%emt 00:04:38]} 9. Bh2
{[%clk 01:22:12]} {[%emt 00:04:09]} exd4 {[%clk 01:18:07]} {[%emt 00:04:26]}
10. cxd4 {[%clk 01:16:07]} {[%emt 00:06:35]} Ne4 {[%clk 01:11:56]} {[%emt
00:06:40]} 11. O-O {[%clk 01:11:51]} {[%emt 00:04:46]} Ndf6 {[%clk 01:06:40]}
{[%emt 00:05:47]} 12. Bd3 {[%clk 01:08:15]} {[%emt 00:04:06]} Bd7 {[%clk
01:02:45]} {[%emt 00:04:25]} 13. Qc2 {[%clk 01:06:27]} {[%emt 00:02:18]} Bc6
{[%clk 01:00:05]} {[%emt 00:03:10]} 14. Nh4 {[%clk 00:59:52]} {[%emt 00:07:05]}
Nxd2 {[%clk 00:53:29]} {[%emt 00:07:05]} 15. Qxd2 {[%clk 00:55:29]} {[%emt
00:04:53]} Ne4 {[%clk 00:48:36]} {[%emt 00:05:23]} 16. Bxe4 {[%clk 00:47:27]}
{[%emt 00:08:33]} Bxe4 {[%clk 00:48:25]} {[%emt 00:00:41]} 17. Bg3 {[%clk
00:47:16]} {[%emt 00:00:41]} Qd7 {[%clk 00:43:30]} {[%emt 00:05:23]} 18. d5
{[%clk 00:38:51]} {[%emt 00:08:57]} g5 {[%clk 00:41:57]} {[%emt 00:02:03]} 19.
Nf3 {[%clk 00:35:09]} {[%emt 00:04:12]} Bxf3 {[%clk 00:41:47]} {[%emt
00:00:39]} 20. gxf3 {[%clk 00:35:35]} {[%emt 00:00:04]} Qxh3 {[%clk 00:41:39]}
{[%emt 00:00:37]} 21. e4 {[%clk 00:35:00]} {[%emt 00:01:07]} h6 {[%clk
00:39:39]} {[%emt 00:02:30]} 22. Rac1 {[%clk 00:34:38]} {[%emt 00:00:51]} Rac8
{[%clk 00:35:27]} {[%emt 00:04:40]} 23. b3 {[%clk 00:34:44]} {[%emt 00:00:26]}
Be5 {[%clk 00:33:28]} {[%emt 00:02:29]} 24. Bxe5 {[%clk 00:29:44]} {[%emt
00:05:30]} Rxe5 {[%clk 00:33:30]} {[%emt 00:00:27]} 25. Qe2 {[%clk 00:26:48]}
{[%emt 00:03:27]} h5 {[%clk 00:30:30]} {[%emt 00:03:30]} 26. Rcd1 {[%clk
00:24:03]} {[%emt 00:03:16]} f5 {[%clk 00:26:53]} {[%emt 00:04:06]} 27. Rd3
{[%clk 00:18:49]} {[%emt 00:05:44]} fxe4 {[%clk 00:19:33]} {[%emt 00:07:50]}
28. fxe4 {[%clk 00:18:35]} {[%emt 00:00:45]} Qh4 {[%clk 00:17:34]} {[%emt
00:02:28]} 29. Re3 {[%clk 00:16:59]} {[%emt 00:02:07]} g4 {[%clk 00:14:35]}
{[%emt 00:03:28]} 30. Kg2 {[%clk 00:16:35]} {[%emt 00:00:54]} Qg5 {[%clk
00:14:38]} {[%emt 00:00:24]} 31. Rg3 {[%clk 00:15:11]} {[%emt 00:01:57]} Rce8
{[%clk 00:13:03]} {[%emt 00:02:04]} 32. f4 {[%clk 00:14:48]} {[%emt 00:00:54]}
1-0

[Event "ODJM C 2025"]
[Site "Willingen GER"]
[Date "2025.06.09"]
[Round "3"]
[White "Böker, Maximilian"]
[Black "Börner, Martha"]
[Result "1-0"]
[Termination "normal"]
[Board "2"]
[WhiteElo "1534"]
[BlackElo "1211"]
[WhiteClock "00:36:20"]
[BlackClock "01:16:36"]
[PlyCount "89"]
[WhiteFideId "34623868"]
[BlackFideId "34665382"]
[EventCountry "GER"]
[EventRounds "9"]
[EventType "swiss"]
[EventDate "2025.06.07"]

1. e4 {[%clk 01:30:57]} {[%emt 00:00:01]} c5 {[%clk 01:30:53]} {[%emt
00:00:11]} 2. c3 {[%clk 01:31:23]} {[%emt 00:00:02]} e5 {[%clk 01:30:58]}
{[%emt 00:00:23]} 3. Nf3 {[%clk 01:30:46]} {[%emt 00:01:06]} d6 {[%clk
01:30:12]} {[%emt 00:01:16]} 4. d4 {[%clk 01:30:17]} {[%emt 00:00:59]} cxd4
{[%clk 01:27:33]} {[%emt 00:03:09]} 5. cxd4 {[%clk 01:30:27]} {[%emt 00:00:21]}
Nf6 {[%clk 01:27:13]} {[%emt 00:00:50]} 6. dxe5 {[%clk 01:25:42]} {[%emt
00:05:15]} Nxe4 {[%clk 01:27:17]} {[%emt 00:00:25]} 7. Qa4+ {[%clk 01:24:33]}
{[%emt 00:01:38]} Nc6 {[%clk 01:24:53]} {[%emt 00:02:56]} 8. Qxe4 {[%clk
01:24:09]} {[%emt 00:00:53]} dxe5 {[%clk 01:24:45]} {[%emt 00:00:39]} 9. Qa4
{[%clk 01:14:06]} {[%emt 00:10:31]} Qd5 {[%clk 01:22:55]} {[%emt 00:02:17]} 10.
Nc3 {[%clk 01:06:19]} {[%emt 00:08:22]} Bb4 {[%clk 01:22:43]} {[%emt 00:00:40]}
11. Bd2 {[%clk 01:05:17]} {[%emt 00:01:32]} Bxc3 {[%clk 01:20:23]} {[%emt
00:02:52]} 12. Bxc3 {[%clk 01:04:58]} {[%emt 00:00:49]} b5 {[%clk 01:19:51]}
{[%emt 00:01:02]} 13. Bxb5 {[%clk 00:58:54]} {[%emt 00:06:32]} Bd7 {[%clk
01:19:44]} {[%emt 00:00:38]} 14. Rd1 {[%clk 00:55:42]} {[%emt 00:03:43]} Qe6
{[%clk 01:18:57]} {[%emt 00:01:15]} 15. Nxe5 {[%clk 00:50:13]} {[%emt
00:06:00]} O-O {[%clk 01:17:11]} {[%emt 00:02:17]} 16. Bxc6 {[%clk 00:44:36]}
{[%emt 00:06:07]} Bxc6 {[%clk 01:16:51]} {[%emt 00:00:50]} 17. Qxc6 {[%clk
00:44:51]} {[%emt 00:00:14]} Qe7 {[%clk 01:16:39]} {[%emt 00:00:40]} 18. O-O
{[%clk 00:40:21]} {[%emt 00:05:02]} Rac8 {[%clk 01:16:02]} {[%emt 00:01:06]}
19. Qf3 {[%clk 00:35:41]} {[%emt 00:05:08]} Rc5 {[%clk 01:14:42]} {[%emt
00:01:50]} 20. Nd7 {[%clk 00:33:25]} {[%emt 00:02:48]} Rxc3 {[%clk 01:13:41]}
{[%emt 00:01:32]} 21. Qxc3 {[%clk 00:33:16]} {[%emt 00:00:37]} Ra8 {[%clk
01:13:15]} {[%emt 00:00:42]} 22. Rfe1 {[%clk 00:29:28]} {[%emt 00:04:34]} Qg5
{[%clk 01:12:49]} {[%emt 00:00:40]} 23. Qe3 {[%clk 00:29:08]} {[%emt 00:01:04]}
Qxe3 {[%clk 01:12:35]} {[%emt 00:00:45]} 24. Rxe3 {[%clk 00:29:32]} {[%emt
00:00:07]} h6 {[%clk 01:12:57]} {[%emt 00:00:08]} 25. Rde1 {[%clk 00:29:36]}
{[%emt 00:00:27]} a6 {[%clk 01:11:53]} {[%emt 00:01:34]} 26. Re8+ {[%clk
00:29:57]} {[%emt 00:00:08]} Rxe8 {[%clk 01:11:00]} {[%emt 00:01:23]} 27. Rxe8+
{[%clk 00:30:25]} {[%emt 00:00:03]} Kh7 {[%clk 01:11:23]} {[%emt 00:00:06]} 28.
Re7 {[%clk 00:30:27]} {[%emt 00:00:28]} Kg6 {[%clk 01:11:39]} {[%emt 00:00:14]}
29. Ne5+ {[%clk 00:30:26]} {[%emt 00:00:30]} Kf6 {[%clk 01:11:55]} {[%emt
00:00:14]} 30. Rxf7+ {[%clk 00:30:51]} {[%emt 00:00:07]} Kxe5 {[%clk 01:12:16]}
{[%emt 00:00:09]} 31. Rxg7 {[%clk 00:31:14]} {[%emt 00:00:06]} Kf5 {[%clk
01:12:21]} {[%emt 00:00:22]} 32. Ra7 {[%clk 00:31:41]} {[%emt 00:00:06]} a5
{[%clk 01:12:33]} {[%emt 00:00:19]} 33. Rxa5+ {[%clk 00:32:04]} {[%emt
00:00:07]} Ke4 {[%clk 01:12:57]} {[%emt 00:00:06]} 34. Rh5 {[%clk 00:32:25]}
{[%emt 00:00:08]} Kd3 {[%clk 01:13:13]} {[%emt 00:00:12]} 35. Rxh6 {[%clk
00:32:44]} {[%emt 00:00:13]} Ke2 {[%clk 01:13:27]} {[%emt 00:00:16]} 36. f4
{[%clk 00:33:07]} {[%emt 00:00:07]} Kd2 {[%clk 01:13:44]} {[%emt 00:00:13]} 37.
f5 {[%clk 00:33:33]} {[%emt 00:00:04]} Kc2 {[%clk 01:14:06]} {[%emt 00:00:08]}
38. f6 {[%clk 00:34:00]} {[%emt 00:00:03]} Kxb2 {[%clk 01:14:31]} {[%emt
00:00:06]} 39. f7 {[%clk 00:34:28]} {[%emt 00:00:02]} Kxa2 {[%clk 01:14:49]}
{[%emt 00:00:12]} 40. f8=Q {[%clk 00:34:50]} {[%emt 00:00:07]} Kb2 {[%clk
01:15:11]} {[%emt 00:00:09]} 41. Rc6 {[%clk 00:35:08]} {[%emt 00:00:11]} Kb3
{[%clk 01:15:33]} {[%emt 00:00:08]} 42. Qb8+ {[%clk 00:35:34]} {[%emt
00:00:05]} Ka4 {[%clk 01:15:51]} {[%emt 00:00:12]} 43. Qa8+ {[%clk 00:35:57]}
{[%emt 00:00:06]} Kb5 {[%clk 01:16:12]} {[%emt 00:00:08]} 44. Qb7+ {[%clk
00:36:20]} {[%emt 00:00:08]} Ka5 {[%clk 01:16:36]} {[%emt 00:00:06]} 45. Ra6#
{[%emt 00:00:08]} 1-0